Effect of moisture on the processability and physical properties of natural rubber (Record no. 57969)

MARC details
000 -LEADER
fixed length control field 00438nam a2200145Ia 4500
100 ## - MAIN ENTRY--AUTHOR NAME
Personal name Perera M C A
245 #0 - TITLE STATEMENT
Title Effect of moisture on the processability and physical properties of natural rubber
260 ## - PUBLICATION, DISTRIBUTION, ETC. (IMPRINT)
Name of publisher Journal of the Rubber Research Institute of Sri Lanka
Year of publication 1985
300 ## - PHYSICAL DESCRIPTION
Number of Pages 6-Jan
650 ## - SUBJECT ADDED ENTRY--TOPICAL TERM
Topical Term Natural rubber
650 ## - SUBJECT ADDED ENTRY--TOPICAL TERM
Topical Term RSS
700 ## - ADDED ENTRY--PERSONAL NAME
Personal name Siriwardena T A S
942 ## - ADDED ENTRY ELEMENTS (KOHA)
Koha item type Journals
Holdings
Withdrawn status Lost status Damaged status Not for loan Home library Current library Shelving location Date acquired Serial Enumeration / chronology Koha item type
      Journals RRII Library RRII Library Rubber general 17/12/2021 Volume 64, Issue Journals